000 00232nam a22001097a 4500
082 _a355.02 JOL'T
100 _aJOLY, CYRIL
_937968
245 _aTAKE THESE MAN
260 _aLONDON
_bCONSTABLE
_c1955
300 _a356P
942 _cBK
999 _c582922
_d582922